Ideas para la formulación de un nuevo contrato social /

Guardado en:
Otros Autores: Monner Sans, Alejo, (coord.)
Formato: Libro
Idioma:Spanish
Publicado: Buenos Aires : La Ley, 2006
Edición:1a. ed.
Materias:
Etiquetas: Agregar Etiqueta
Sin Etiquetas, Sea el primero en etiquetar este registro!
LEADER 00589nam a22001695a 4500
001 DER.der015587
008 251210s2006####ag#||||||||||||||#||spa||
005 20251210100105.0
245 1 0 |a Ideas para la formulación de un nuevo contrato social /  |c dirigido por Atilio Anibal Alterini ; coordinado por Alejo Monner Sans. 
250 |a 1a. ed. 
260 |a Buenos Aires :  |b La Ley,  |c 2006 
300 |a 490 p. 
020 |a 9870307914 
700 1 |a Alterini, Atilio Anibal,  |e dir. 
700 1 |a Monner Sans, Alejo,  |e coord. 
650 7 |a DERECHO CONSTITUCIONAL 
859 |a DERECHO  |b BIB. DERECHO  |h 342.02  |i IDE  |p 006469